মুক্তিযুদ্ধের ইতিহাসের সংকট / (Record no. 6270)
[ view plain ]
| 000 -LEADER | |
|---|---|
| fixed length control field | 00710nam a22001817a 4500 |
| 003 - CONTROL NUMBER IDENTIFIER | |
| control field | BUBTL |
| 008 - FIXED-LENGTH DATA ELEMENTS--GENERAL INFORMATION | |
| fixed length control field | 200206b xxu||||| |||| 00| 0 eng d |
| 020 ## - INTERNATIONAL STANDARD BOOK NUMBER | |
| International Standard Book Number | 9789848823019 |
| 082 ## - DEWEY DECIMAL CLASSIFICATION NUMBER | |
| Classification number | 954.925/ M839m/ 2009 |
| 100 ## - MAIN ENTRY--PERSONAL NAME | |
| 9 (RLIN) | 3000 |
| Personal name | মোর্শেদ, এস. এম. সারওয়ার |
| 245 ## - TITLE STATEMENT | |
| Title | মুক্তিযুদ্ধের ইতিহাসের সংকট / |
| Statement of responsibility, etc. | এস. এম. সারওয়ার মোর্শেদ |
| 260 ## - PUBLICATION, DISTRIBUTION, ETC. (IMPRINT) | |
| Place of publication, distribution, etc. | ঢাকা : |
| Name of publisher, distributor, etc. | বাংলাপ্রকাশ, |
| Date of publication, distribution, etc. | c2009, |
| 300 ## - PHYSICAL DESCRIPTION | |
| Extent | 52 p. : |
| Dimensions | 23 cm. |
| 650 #0 - SUBJECT ADDED ENTRY--TOPICAL TERM | |
| 9 (RLIN) | 1755 |
| Topical term or geographic name as entry element | মুক্তিযুদ্ধ |
| 856 ## - ELECTRONIC LOCATION AND ACCESS | |
| Password | 0 |
| Logon | 0 |
| Link text | Download |
| 942 ## - ADDED ENTRY ELEMENTS (KOHA) | |
| Source of classification or shelving scheme | |
| Koha item type | Books |
| Withdrawn status | Lost status | Source of classification or shelving scheme | Damaged status | Not for loan | Collection code | Permanent location | Current location | Shelving location | Date acquired | Source of acquisition | Inventory number | Total Checkouts | Full call number | Barcode | Date last seen | Copy number | Price effective from | Koha item type |
|---|---|---|---|---|---|---|---|---|---|---|---|---|---|---|---|---|---|---|
| Non-fiction | Bangladesh University of Business and Technology Library | Bangladesh University of Business and Technology Library | 11/07/2018 | Purchase | 25435 | 954.925 / M839m | BUBTL-200325435 | 02/06/2020 | C-1 | 02/06/2020 | Books | |||||||
| Non-fiction | Bangladesh University of Business and Technology Library | Bangladesh University of Business and Technology Library | 11/07/2018 | Purchase | 25436 | 954.925 / M839m | BUBTL-200325436 | 02/06/2020 | C-2 | 02/06/2020 | Books | |||||||
| Non-fiction | Bangladesh University of Business and Technology Library | Bangladesh University of Business and Technology Library | 11/07/2018 | Purchase | 25437 | 954.925 / M839m | BUBTL-200325437 | 02/06/2020 | C-3 | 02/06/2020 | Books | |||||||
| Non-fiction | Bangladesh University of Business and Technology Library | Bangladesh University of Business and Technology Library | 11/07/2018 | Purchase | 25438 | 954.925 / M839m | BUBTL-200325438 | 02/06/2020 | C-4 | 02/06/2020 | Books | |||||||
| Non-fiction | Bangladesh University of Business and Technology Library | Bangladesh University of Business and Technology Library | 11/07/2018 | Purchase | 25439 | 954.925 / M839m | BUBTL-200325439 | 02/06/2020 | C-5 | 02/06/2020 | Books |
